000 00372nam a22000977a 4500
100 _aद्विवेदी,डॉ. प्रेमशंकर
_980206
245 _aभारतीय भित्ति चित्रकला
260 _aवाराणसी
_bमीरा पब्लिकेशन
_c2018
650 _aचित्रकला
_953024
942 _cHIN
999 _c63643
_d63643